| 000 -CABECERA |
| Longitud fija campo de control |
00936nam a2200229 a 4500 |
| 001 - NÚMERO DE CONTROL |
| Número de control |
1673 |
| 003 - IDENTIFICADOR DEL NÚMERO DE CONTROL |
| Identificador del número de control |
CDMR |
| 005 - FECHA Y HORA DE LA ÚLTIMA TRANSACCIÓN |
| Fecha y hora de la última transacción |
20131128114201.0 |
| 008 - CÓDIGOS DE INFORMACIÓN DE LONGITUD FIJA |
| Códigos de información de longitud fija |
130130s2005||||||||||||||||||||||||||||d |
| 020 ## - NÚMERO INTERNACIONAL NORMALIZADO PARA LIBROS |
| Número Internacional Normalizado para Libros (ISBN) |
8449024080 |
| 040 ## - FUENTE DE LA CATALOGACIÓN |
| Centro catalogador de origen |
CDMR |
| Lengua de catalogación |
cat |
| Centro transcriptor |
CDMR |
| 110 2# - PUNTO DE ACCESO PRINCIPAL-NOMBRE DE ENTIDAD CORPORATIVA |
| 9 (RLIN) |
1253 |
| Nombre de entidad corporativa o nombre de jurisdicción como elemento inicial |
Universitat Autònoma de Barcelona |
| Unidad subordinada |
-- Institut de la Comunicació |
| 240 1# - TÍTULO UNIFORME |
| Título uniforme |
<a href="Informe de la comunicació a Catalunya">Informe de la comunicació a Catalunya</a> |
| 245 10 - MENCIÓN DE TÍTULO |
| Título |
Informe de la comunicació a Catalunya 2003-2004 |
| Mención de responsabilidad, etc. |
Maria Corominas Piulats, Miquel de Moragas Spà, Josep Àngel Guimerà i Orts (editors) |
| 260 ## - PUBLICACIÓN, DISTRIBUCIÓN, ETC. (PIE DE IMPRENTA) |
| Lugar de publicación, distribución, etc. |
Bellaterra [etc.] |
| Fecha de publicación, distribución, etc. |
2005 |
| Nombre del editor, distribuidor, etc. |
Universitat Autònoma de Barcelona. Servei de Publicacions [etc.] |
| 490 0# - MENCIÓN DE SERIE |
| Mención de serie |
Aldea Global. |
| -- |
Documents |
| Designación de volumen o secuencia |
2 |
| 700 1# - PUNTO DE ACCESO ADICIONAL - NOMBRE DE PERSONA |
| 9 (RLIN) |
2139 |
| Nombre de persona |
Corominas, Maria |
| 700 1# - PUNTO DE ACCESO ADICIONAL - NOMBRE DE PERSONA |
| 9 (RLIN) |
475 |
| Nombre de persona |
Moragas Spà, Miquel de |
| 700 1# - PUNTO DE ACCESO ADICIONAL - NOMBRE DE PERSONA |
| 9 (RLIN) |
3995 |
| Nombre de persona |
Guimerà i Orts, Josep Àngel |
| Término indicativo de función |
eds. |
| 710 2# - PUNTO DE ACCESO ADICIONAL - NOMBRE DE ENTIDAD |
| 9 (RLIN) |
1253 |
| Nombre de entidad o nombre de jurisdicción como elemento inicial |
Universitat Autònoma de Barcelona |
| Unidad subordinada |
-- Institut de la Comunicació |
| 942 ## - ENTRADA DE ELEMENTOS AGREGADOS (KOHA) |
| Koha [por defecto] tipo de item |
Monografies |
| Fuente de clasificaión o esquema |
|